Normal view
MARC view
- শেখর, সৌমিত্র
Entry Personal Name
001 - CONTROL NUMBER
- control field: 2434
003 - CONTROL NUMBER IDENTIFIER
- control field: OSt
005 - DATE AND TIME OF LATEST TRANSACTION
- control field: 20191028100630.0
008 - FIXED-LENGTH DATA ELEMENTS
- fixed length control field: 191028|| aca||aabn | a|a d
040 ## - CATALOGING SOURCE
- Original cataloging agency: OSt
100 ## - HEADING--PERSONAL NAME
- Personal name: শেখর, সৌমিত্র
